Use of integrated pest management practices by the farmers in crop cultivation / (Record no. 9383)

MARC details
000 -LEADER
fixed length control field 01179nam a22002657a 4500
001 - CONTROL NUMBER
control field BD-DhSAU 9383
003 - CONTROL NUMBER IDENTIFIER
control field BD-DhSAU
005 - DATE AND TIME OF LATEST TRANSACTION
control field 20160929153621.0
008 - FIXED-LENGTH DATA ELEMENTS--GENERAL INFORMATION
fixed length control field 150612b2006 bg a||||r|||| 000 0 eng d
040 ## - CATALOGING SOURCE
Original cataloging agency BD-DhSAU
082 ## - DEWEY DECIMAL CLASSIFICATION NUMBER
Edition number 22
Classification number 630.715
Item number K166
100 ## - MAIN ENTRY--PERSONAL NAME
Personal name Kausar, A. S. M. Nasir Uddin
Relator term Registration No. # 25180/00311
245 ## - TITLE STATEMENT
Title Use of integrated pest management practices by the farmers in crop cultivation /
Remainder of title MS thesis
Statement of responsibility, etc. by A. S. M. Nasir Uddin Kausar.
260 ## - PUBLICATION, DISTRIBUTION, ETC. (IMPRINT)
Place of publication, distribution, etc. Sher-e- Bangla Agricultural University :
Name of publisher, distributor, etc. Department of Agricultural Extension and Information System,
Date of publication, distribution, etc. 2006.
300 ## - PHYSICAL DESCRIPTION
Extent vii, 102 p. :
Other physical details ill. ,
Dimensions 30 cm.
500 ## - GENERAL NOTE
General note MS thesis of Department of Agricultural Extension and Information System, Faculty of Agriculture, Sher-e-Bangla Agricultural University, Dhaka, Bangladesh <br/>
590 ## - Name of Cataloguer
Name of Cataloger joy
650 ## - SUBJECT ADDED ENTRY--TOPICAL TERM
Topical term or geographic name as entry element Agricultural Extension and Information System
650 ## - SUBJECT ADDED ENTRY--TOPICAL TERM
Topical term or geographic name as entry element IPM
650 ## - SUBJECT ADDED ENTRY--TOPICAL TERM
Topical term or geographic name as entry element Integrated pest management
General subdivision Crop cultivation
700 ## - ADDED ENTRY--PERSONAL NAME
Personal name Ulla, Md. Shadat
Relator term Supervisor
700 ## - ADDED ENTRY--PERSONAL NAME
Personal name Waliullah, A N M
Relator term Co-Supervisor
856 ## - ELECTRONIC LOCATION AND ACCESS
Uniform Resource Identifier <a href="http://archive.saulibrary.edu.bd:8080/handle/123456789/338">http://archive.saulibrary.edu.bd:8080/handle/123456789/338</a>
942 ## - ADDED ENTRY ELEMENTS (KOHA)
Source of classification or shelving scheme Dewey Decimal Classification
Koha item type MS Level Thesis
Holdings
Withdrawn status Lost status Source of classification or shelving scheme Damaged status Not for loan Collection code Home library Branch Name Shelving location Date acquired Total Checkouts Full call number Barcode Date last seen Price effective from Koha item type
    Dewey Decimal Classification   Not For Loan Reference SAU Library SAU Library Reference 19/06/2015   630.715 K166 37451 19/06/2015 19/06/2015 MS Level Thesis